La filosofía, hoy (Record no. 139221)

MARC details
000 -LEADER
campo de control de longitud fija 00743nam a2200205 i 4500
001 - NÚMERO DE CONTROL
campo de control 139221
003 - IDENTIFICADOR DE NÚMERO DE CONTROL
campo de control ES-MaACL
005 - FECHA Y HORA DE LA ÚLTIMA TRANSACCIÓN
campo de control 20230906195728.0
007 - CAMPO FIJO DE DESCRIPCIÓN FÍSICA--INFORMACIÓN GENERAL
campo de control de longitud fija t|
008 - DATOS DE LONGITUD FIJA--INFORMACIÓN GENERAL
campo de control de longitud fija 070214s1947 sp r ||||1| spa d
100 1# - ENTRADA PRINCIPAL--NOMBRE DE PERSONA
Nombre de persona Sciacca, Michele Federico.
9 (RLIN) 104923
245 13 - MENCIÓN DEL TÍTULO
Título La filosofía, hoy
Resto del título : de los orígenes románticos de la Filosofía contemporánea hasta los problemas actuales /
Mención de responsabilidad, etc. Michele Federico Sciacca ; [traducción del italiano por Claudio Matons Rossi].
250 ## - MENCION DE EDICION
Mención de edición 1ª ed.
260 ## - PUBLICACIÓN, DISTRIBUCIÓN, ETC.
Lugar de publicación, distribución, etc. Barcelona :
Nombre del editor, distribuidor, etc. Luis Miracle,
Fecha de publicación, distribución, etc. 1947.
300 ## - DESCRIPCIÓN FÍSICA
Extensión 444 p. ;
Dimensiones 23 cm.
650 #4 - PUNTO DE ACCESO ADICIONAL DE MATERIA--TÉRMINO DE MATERIA
Término de materia o nombre geográfico como elemento de entrada Filosofía-
Subdivisión cronológica S.XIX.
9 (RLIN) 163575
650 04 - PUNTO DE ACCESO ADICIONAL DE MATERIA--TÉRMINO DE MATERIA
Término de materia o nombre geográfico como elemento de entrada Filosofía-
Subdivisión cronológica S.XX.
9 (RLIN) 12826
700 1# - ENTRADA AGREGADA--NOMBRE PERSONAL
Nombre de persona Matons Rossi, Claudio.
9 (RLIN) 79092
852 ## - LOCALIZACIÓN
Ubicación ES-MaACL
Número de control de estantería F-5210
Sublocalización o colección R.26891
Holdings
Estatus retirado Estado de pérdida Estado de daño No para préstamo Biblioteca de origen Biblioteca actual Ubicación en estantería Fecha de adquisición Fuente de adquisición Total de préstamos Signatura topográfica completa Código de barras Visto por última vez Precio de reemplazo Tipo de ítem Koha
        Biblioteca del Ateneo de Madrid Biblioteca del Ateneo de Madrid Depósito 2 17/01/2008     F-5210 1144881 23/02/2023 23/02/2023 Libro impreso